[Event "GER-chT Lands U20"]
[Site "Hannover"]
[Date "2023.10.04"]
[Round "6"]
[White "Braeutigam, Katerina"]
[Black "Herrmann, Arthur"]
[Result "1/2-1/2"]
[WhiteElo "1880"]
[BlackElo "1930"]
[PlyCount "104"]
[EventDate "2023.10.01"]
[EventType "team-swiss"]
[EventRounds "7"]
[EventCountry "GER"]
[SourceTitle "EXT 2024"]
[Source "ChessBase"]
[SourceDate "2023.10.10"]
[SourceVersion "1"]
[SourceVersionDate "2023.10.10"]
[SourceQuality "1"]

1. e4 c6 2. d4 d5 3. e5 c5 4. Nf3 Nc6 5. dxc5 Bg4 6. c3 e6 7. Be3 Nge7 8. Bd4 Ng6 9. Nbd2 f6 10. Qb3 Bxf3 11. Nxf3 Ngxe5 12. Nxe5 fxe5 13. Qxb7 Qc8 14. Ba6 Qxb7 15. Bxb7 Nxd4 16. cxd4 Rb8 17. c6 Bd6 18. dxe5 Bxe5 19. Rb1 Kd8 20. Ke2 Kc7 21. b4 Rhf8 22. Rb3 Rbe8 23. Rd1 Rf4 24. g3 Rc4 25. f4 Bd6 26. a3 h5 27. Re3 Re7 28. f5 Rc2+ 29. Kd3 Rxh2 30. fxe6 Rg2 31. Kd4 Rxg3 32. Rxg3 Bxg3 33. Kxd5 h4 34. Kc5 Bf2+ 35. Kd5 g5 36. Rf1 Bg3 37. Rf7 Rxf7 38. exf7 Bd6 39. Ba6 g4 40. Be2 g3 41. Bf1 Bf8 42. Bg2 Be7 43. Ke6 Bd6 44. Kf6 h3 45. Bxh3 Kxc6 46. Bf1 Kb6 47. Kg7 a5 48. f8Q Bxf8+ 49. Kxf8 axb4 50. axb4 g2 51. Bxg2 Kb5 52. Ke7 Kxb4 1/2-1/2

[Event "GER-ch U12"]
[Site "Willingen"]
[Date "2023.06.02"]
[Round "8"]
[White "Herrmann, Arthur"]
[Black "Bundan, Edward"]
[Result "1/2-1/2"]
[WhiteElo "1875"]
[BlackElo "1338"]
[PlyCount "67"]
[EventDate "2023.05.27"]
[EventType "swiss"]
[EventRounds "9"]
[EventCountry "GER"]
[SourceTitle "CBM 214 Extra"]
[Source "ChessBase"]
[SourceDate "2023.07.31"]
[SourceVersion "1"]
[SourceVersionDate "2023.07.31"]
[SourceQuality "1"]

1. e4 c5 2. Nf3 Nc6 3. d4 cxd4 4. Nxd4 e5 5. Nb5 d6 6. N1c3 a6 7. Na3 Be6 8. Nc4 b5 9. Ne3 Nf6 10. f3 Rb8 11. Ncd5 Bxd5 12. Nxd5 Nxd5 13. Qxd5 Qc7 14. c3 Be7 15. a4 Qb6 16. Qd3 0-0 17. Be2 Na5 18. Be3 Qc7 19. axb5 axb5 20. Qd5 Nc4 21. Ra7 Qd8 22. Bxc4 bxc4 23. Qxc4 Rxb2 24. 0-0 Bg5 25. Qd3 Bxe3+ 26. Qxe3 h6 27. Rf2 Rb1+ 28. Rf1 Qb8 29. Ra1 Rxf1+ 30. Rxf1 Qb3 31. Qd3 Ra8 32. Rb1 Qa3 33. h3 Rc8 34. Rd1 1/2-1/2

[Event "Bayern Jubilar U12"]
[Site "Bayreuth"]
[Date "2022.08.30"]
[Round "5"]
[White "Besou, Hussain"]
[Black "Herrmann, Arthur"]
[Result "1/2-1/2"]
[WhiteElo "2061"]
[BlackElo "1686"]
[PlyCount "67"]
[EventDate "2022.08.27"]
[EventType "swiss"]
[EventRounds "7"]
[EventCountry "GER"]
[SourceTitle "EXT 2023"]
[Source "ChessBase"]
[SourceDate "2022.10.05"]
[SourceVersion "1"]
[SourceVersionDate "2022.10.05"]
[SourceQuality "1"]

1. e4 c6 2. d4 d5 3. e5 c5 4. dxc5 e6 5. a3 Bxc5 6. b4 Be7 7. Nf3 a5 8. b5 Nd7 9. Bb2 Nh6 10. Bd3 f6 11. c4 Nc5 12. 0-0 Nf7 13. Qc2 Nxd3 14. Qxd3 dxc4 15. Qxc4 0-0 16. exf6 gxf6 17. Nc3 Nd6 18. Qe2 Qe8 19. Rad1 Bd7 20. a4 Rd8 21. Rfe1 Rf7 22. Ne4 Nxe4 23. Qxe4 Bc8 24. Nd4 Bb4 25. Rf1 Rfd7 26. Rc1 Rg7 27. Qf3 Qg6 28. Ne2 e5 29. Ng3 Bg4 30. Qb3+ Kh8 31. Bc3 Bxc3 32. Qxc3 h5 33. Qxa5 Rdg8 34. h4 1/2-1/2

[Event "Bayern Jubilar U12"]
[Site "Bayreuth"]
[Date "2022.08.28"]
[Round "2"]
[White "Herrmann, Arthur"]
[Black "Stichter, Constantin Paul"]
[Result "1-0"]
[WhiteElo "1686"]
[BlackElo "1620"]
[PlyCount "105"]
[EventDate "2022.08.27"]
[EventType "swiss"]
[EventRounds "7"]
[EventCountry "GER"]
[SourceTitle "EXT 2023"]
[Source "ChessBase"]
[SourceDate "2022.10.05"]
[SourceVersion "1"]
[SourceVersionDate "2022.10.05"]
[SourceQuality "1"]

1. e4 c6 2. d4 d5 3. exd5 cxd5 4. Bd3 Nc6 5. c3 Nf6 6. Bf4 Bg4 7. Qb3 Qd7 8. Nd2 e6 9. Ngf3 Bxf3 10. Nxf3 Bd6 11. Bxd6 Qxd6 12. 0-0 Rb8 13. Rae1 0-0 14. Ne5 b5 15. a3 a5 16. a4 b4 17. Nxc6 Qxc6 18. Bb5 bxc3 19. Qc2 Qd6 20. Qxc3 Ne4 21. Rxe4 dxe4 22. Qxa5 Qxd4 23. Qc3 e5 24. Qxd4 exd4 25. Rd1 Rfd8 26. b3 d3 27. Kf1 f5 28. Bc4+ Kf8 29. Ke1 Ke7 30. Kd2 Kd6 31. Kc3 Kc5 32. g3 g6 33. Rd2 Re8 34. Rb2 Rb4 35. a5 g5 36. a6 Re7 37. Ra2 Rd7 38. a7 d2 39. a8Q Rxc4+ 40. bxc4 d1Q 41. Ra5+ Kd6 42. Rd5+ Ke7 43. Rxd1 Rxd1 44. Qa7+ Rd7 45. Qb6 f4 46. gxf4 gxf4 47. Qh6 Rd3+ 48. Kc2 Rf3 49. Qxh7+ Kd8 50. Qxe4 Rxf2+ 51. Kc3 Rxh2 52. Qxf4 Rh7 53. Qb8+ 1-0

[Event "GER-ch U12"]
[Site "Willingen"]
[Date "2022.06.09"]
[Round "7"]
[White "Herrmann, Arthur"]
[Black "Pimenov, Danil"]
[Result "1/2-1/2"]
[WhiteElo "1509"]
[BlackElo "1337"]
[PlyCount "56"]
[EventDate "2022.06.04"]
[EventType "swiss"]
[EventRounds "9"]
[EventCountry "GER"]
[SourceTitle "CBM 208 Extra"]
[Source "ChessBase"]
[SourceDate "2022.07.31"]
[SourceVersion "1"]
[SourceVersionDate "2022.07.31"]
[SourceQuality "1"]

1. e4 c5 2. Nf3 Nc6 3. d4 cxd4 4. Nxd4 Nf6 5. Nc3 e5 6. Ndb5 d6 7. Bg5 a6 8. Na3 b5 9. Nd5 Be7 10. Bxf6 Bxf6 11. c3 0-0 12. Nc2 g6 13. a4 bxa4 14. Rxa4 Bg7 15. Bc4 Bb7 16. Nce3 Ne7 17. 0-0 Nxd5 18. Nxd5 Kh8 19. Qe2 f5 20. exf5 gxf5 21. Rd1 e4 22. Qe3 Qe8 23. Rb4 Bxd5 24. Bxd5 Rb8 25. Rxb8 Qxb8 26. b3 Qc7 27. c4 a5 28. Rd2 Qc5 1/2-1/2

[Event "GER-ch U12"]
[Site "Willingen"]
[Date "2022.06.08"]
[Round "5"]
[White "Herrmann, Arthur"]
[Black "Dordevic, Tom"]
[Result "0-1"]
[WhiteElo "1509"]
[BlackElo "1771"]
[PlyCount "84"]
[EventDate "2022.06.04"]
[EventType "swiss"]
[EventRounds "9"]
[EventCountry "GER"]
[SourceTitle "CBM 208 Extra"]
[Source "ChessBase"]
[SourceDate "2022.07.31"]
[SourceVersion "1"]
[SourceVersionDate "2022.07.31"]
[SourceQuality "1"]

1. e4 c5 2. Nf3 e6 3. d4 cxd4 4. Nxd4 a6 5. c4 Nf6 6. Nc3 Bb4 7. Qd3 Bxc3+ 8. bxc3 d5 9. cxd5 exd5 10. e5 Ne4 11. Ba3 Nc6 12. Nxc6 bxc6 13. Be2 Qa5 14. Bb4 Qb6 15. 0-0 a5 16. Ba3 Ba6 17. Qc2 Bxe2 18. Qxe2 Ng5 19. Rab1 Qa7 20. Qg4 Ne6 21. Kh1 g6 22. f4 Ng7 23. Qg5 c5 24. Rfd1 0-0 25. Rxd5 Rac8 26. Rbd1 Ne6 27. Qg4 Rc7 28. Rd6 Qa8 29. R6d5 Qa7 30. h4 h5 31. Qf3 Ng7 32. Qf2 Rfc8 33. Rd8+ Kh7 34. Rxc8 Rxc8 35. Rd5 Qb7 36. Rxc5 Rd8 37. Qe2 Qb1+ 38. Kh2 Rd1 39. g3 Rh1+ 40. Kg2 Nf5 41. Qb5 Qe4+ 42. Kf2 Qe3+ 0-1

[Event "GER-ch U12"]
[Site "Willingen"]
[Date "2022.06.07"]
[Round "4"]
[White "Herrmann, Arthur"]
[Black "Zhuikov, Edgard"]
[Result "1-0"]
[WhiteElo "1509"]
[BlackElo "1892"]
[PlyCount "67"]
[EventDate "2022.06.04"]
[EventType "swiss"]
[EventRounds "9"]
[EventCountry "GER"]
[SourceTitle "CBM 208 Extra"]
[Source "ChessBase"]
[SourceDate "2022.07.31"]
[SourceVersion "1"]
[SourceVersionDate "2022.07.31"]
[SourceQuality "1"]

1. e4 e5 2. Nf3 Nc6 3. Bb5 f5 4. d3 fxe4 5. dxe4 Nf6 6. 0-0 d6 7. Nc3 Be7 8. Bg5 0-0 9. Bxf6 Rxf6 10. Ng5 Qe8 11. Bc4+ Kh8 12. Nd5 Rf8 13. Nxc7 Qg6 14. Nf7+ Rxf7 15. Bxf7 Qxf7 16. Nxa8 Bf8 17. Qf3 Qxf3 18. gxf3 Bh3 19. Rfd1 Nd4 20. Rd3 Ne2+ 21. Kh1 Nf4 22. Rb3 b6 23. Nc7 Bd7 24. Nd5 Ne2 25. c3 Be8 26. Re1 Bh5 27. Kg2 Nf4+ 28. Nxf4 exf4 29. e5 d5 30. Rb5 Bf7 31. e6 Be8 32. Rxd5 Be7 33. Rd7 Bc5 34. Rd8 1-0

[Event "GER-ch U12"]
[Site "Willingen"]
[Date "2022.06.05"]
[Round "2"]
[White "Herrmann, Arthur"]
[Black "Korchynskyi, Mykola"]
[Result "1-0"]
[WhiteElo "1509"]
[BlackElo "1723"]
[PlyCount "59"]
[EventDate "2022.06.04"]
[EventType "swiss"]
[EventRounds "9"]
[EventCountry "GER"]
[SourceTitle "CBM 208 Extra"]
[Source "ChessBase"]
[SourceDate "2022.07.31"]
[SourceVersion "1"]
[SourceVersionDate "2022.07.31"]
[SourceQuality "1"]

1. e4 c5 2. Nf3 d6 3. d4 cxd4 4. Nxd4 Nf6 5. f3 a6 6. c4 e5 7. Nc2 Be6 8. Nc3 Be7 9. Be2 0-0 10. Be3 Nbd7 11. 0-0 Rc8 12. Nd5 Ne8 13. Qd2 f5 14. exf5 Bxf5 15. Ncb4 Be6 16. Rfd1 Kh8 17. Rac1 Ndf6 18. Bb6 Qd7 19. Nxe7 Qxe7 20. Qe3 Nd7 21. Rc3 Qf7 22. b3 Qg6 23. Bd3 Bf5 24. Nd5 Qe6 25. Bxf5 Rxf5 26. Qd3 Rf8 27. b4 h6 28. Be3 Ndf6 29. Qg6 Qd7 30. Nb6 1-0

[Event "GER-chT Lands U20"]
[Site "Neumuenster"]
[Date "2021.10.06"]
[Round "7.3"]
[White "Herrmann, Arthur"]
[Black "Henninger, Claire"]
[Result "1-0"]
[WhiteElo "1385"]
[BlackElo "1476"]
[PlyCount "101"]
[EventDate "2021.10.01"]
[EventType "team-swiss"]
[EventRounds "7"]
[EventCountry "GER"]
[SourceTitle "CBM 204 Extra"]
[Source "ChessBase"]
[SourceDate "2021.11.30"]
[SourceVersion "1"]
[SourceVersionDate "2021.11.30"]
[SourceQuality "1"]
[WhiteTeam "Sachsen"]
[BlackTeam "Baden"]
[WhiteTeamCountry "GER"]
[BlackTeamCountry "GER"]

1. e4 e5 2. Nf3 Nc6 3. Bb5 a6 4. Ba4 Nf6 5. 0-0 Be7 6. Re1 b5 7. Bb3 0-0 8. c3 d5 9. exd5 Nxd5 10. Nxe5 Nxe5 11. Rxe5 Nf6 12. Re1 Bd6 13. h3 c5 14. d3 Bb7 15. Bg5 h6 16. Bxf6 Qxf6 17. Qg4 Rae8 18. Nd2 Re5 19. Ne4 Bxe4 20. Rxe4 Rg5 21. Qe2 Qf5 22. Kh1 Rh5 23. Rg4 Kh8 24. Bc2 Qd7 25. Re1 Qc6 26. Kg1 Rg8 27. d4 f5 28. Rg3 Rh4 29. Qe6 Rf4 30. Rg6 Rd8 31. Bxf5 Rxf5 32. Qxf5 Qc7 33. Rge6 Rf8 34. Re8 Kg8 35. Qe6+ Kh7 36. Rxf8 Bxf8 37. Qf5+ Kg8 38. Re8 Qd6 39. dxc5 Qf6 40. Qxf6 gxf6 41. c6 Kf7 42. Rxf8+ Kxf8 43. c7 Ke7 44. c8Q Kf7 45. Qf5 a5 46. f4 b4 47. Qd7+ Kg8 48. Kf2 a4 49. cxb4 a3 50. bxa3 f5 51. b5 1-0

[Event "GER-chT Lands U20"]
[Site "Neumuenster"]
[Date "2021.10.04"]
[Round "4.2"]
[White "Herrmann, Arthur"]
[Black "Zoellner, Bente"]
[Result "0-1"]
[WhiteElo "1385"]
[BlackElo "1596"]
[PlyCount "114"]
[EventDate "2021.10.01"]
[EventType "team-swiss"]
[EventRounds "7"]
[EventCountry "GER"]
[SourceTitle "CBM 204 Extra"]
[Source "ChessBase"]
[SourceDate "2021.11.30"]
[SourceVersion "1"]
[SourceVersionDate "2021.11.30"]
[SourceQuality "1"]
[WhiteTeam "Sachsen"]
[BlackTeam "Niedersachsen"]
[WhiteTeamCountry "GER"]
[BlackTeamCountry "GER"]

1. e4 c5 2. Nf3 Nc6 3. d4 cxd4 4. Nxd4 e5 5. Nb5 a6 6. Nd6+ Bxd6 7. Qxd6 Qf6 8. Qxf6 Nxf6 9. Nc3 d5 10. Nxd5 Nxd5 11. exd5 Nb4 12. Bd3 Nxd3+ 13. cxd3 Bf5 14. 0-0 0-0 15. Be3 Rfd8 16. d4 e4 17. Rac1 Rxd5 18. Rc7 b6 19. Rfc1 Be6 20. b3 h6 21. Rb7 Ra5 22. Rc2 Rb5 23. Rc6 Bd5 24. Rbxb6 Bxc6 25. Rxc6 Rbb8 26. d5 Rc8 27. Bf4 g5 28. Bc7 Kf8 29. d6 Ke8 30. Kf1 Kd7 31. Rc5 f6 32. Ke2 Re8 33. Ke3 Re6 34. b4 Rf8 35. g4 Re5 36. Rxe5 fxe5 37. a4 Rf3+ 38. Kxe4 Rf4+ 39. Kxe5 Rxb4 40. f3 Rf4 41. h4 Rxf3 42. hxg5 hxg5 43. Kd5 Rf4 44. a5 Rxg4 45. Kc5 Ra4 46. Kb6 g4 47. Kxa6 g3 48. Bb6 g2 49. Kb5 Ra1 50. Ka6 g1Q 51. Bxg1 Rxg1 52. Kb7 Rb1+ 53. Ka7 Kxd6 54. a6 Kc7 55. Ka8 Rb8+ 56. Ka7 Rb6 57. Ka8 Rxa6# 0-1

[Event "GER-chT Lands U20"]
[Site "Neumuenster"]
[Date "2021.10.02"]
[Round "2.3"]
[White "Herrmann, Arthur"]
[Black "Buchinger, Alexis"]
[Result "1-0"]
[WhiteElo "1385"]
[BlackElo "1614"]
[PlyCount "77"]
[EventDate "2021.10.01"]
[EventType "team-swiss"]
[EventRounds "7"]
[EventCountry "GER"]
[SourceTitle "CBM 204 Extra"]
[Source "ChessBase"]
[SourceDate "2021.11.30"]
[SourceVersion "1"]
[SourceVersionDate "2021.11.30"]
[SourceQuality "1"]
[WhiteTeam "Sachsen"]
[BlackTeam "Hessen"]
[WhiteTeamCountry "GER"]
[BlackTeamCountry "GER"]

1. e4 c5 2. Nf3 e6 3. d4 cxd4 4. Nxd4 a6 5. c4 Qc7 6. Nc3 Nf6 7. a3 d6 8. Be3 Be7 9. Be2 0-0 10. 0-0 Rd8 11. Rc1 Nbd7 12. b4 Ne5 13. f4 Nxc4 14. Bxc4 Qxc4 15. Na4 Qa2 16. Ra1 Qc4 17. Rc1 Qa2 18. Qd3 Nxe4 19. Rc2 Qd5 20. Nb6 Qh5 21. Nxa8 d5 22. Nb6 Bd7 23. Rc7 Nf6 24. Rxb7 e5 25. fxe5 Ng4 26. Bf4 Bg5 27. Qg3 Bh4 28. Qf3 Qg6 29. Nxd7 Bf2+ 30. Rxf2 Nxf2 31. Kxf2 a5 32. b5 a4 33. Qxd5 Rc8 34. Rb8 Rxb8 35. Nxb8 h5 36. Nbc6 Qb1 37. Ne7+ Kh7 38. Qxf7 Qa2+ 39. Qxa2 1-0

[Event "GER-ch U10"]
[Site "Willingen"]
[Date "2020.10.30"]
[Round "5"]
[White "Herrmann, Arthur"]
[Black "Zimmer, Tim"]
[Result "1-0"]
[WhiteElo "1151"]
[BlackElo "1025"]
[PlyCount "91"]
[EventDate "2020.10.26"]
[EventType "swiss"]
[EventRounds "7"]
[EventCountry "GER"]
[SourceTitle "CBM 199 Extra"]
[Source "ChessBase"]
[SourceDate "2021.01.31"]
[SourceVersion "1"]
[SourceVersionDate "2021.01.31"]
[SourceQuality "1"]

1. e4 e5 2. Nf3 Nc6 3. Bb5 a6 4. Ba4 Nf6 5. 0-0 Be7 6. Re1 b5 7. Bb3 d6 8. h3 Na5 9. c3 Nxb3 10. Qxb3 c5 11. d4 Qc7 12. Bg5 0-0 13. Nbd2 Bd7 14. Rac1 c4 15. Qc2 Rfe8 16. dxe5 dxe5 17. Rcd1 Nh5 18. Be3 g6 19. Nf1 f5 20. exf5 Bxf5 21. Qc1 Bd3 22. Bg5 Bd6 23. Ne3 e4 24. Nd4 Bf4 25. Bxf4 Qxf4 26. Nd5 Qf7 27. Ne3 Rf8 28. Ng4 Qf4 29. Qxf4 Rxf4 30. Ne6 Ra7 31. Nxf4 Nxf4 32. Nf6+ Kg7 33. Nxe4 Ne2+ 34. Kh2 Rf7 35. f3 Bxe4 36. Rxe2 Bd3 37. Re6 Rf6 38. Rxf6 Kxf6 39. Kg3 a5 40. Kf4 Ke6 41. a3 Kd5 42. Ke3 Kc5 43. g4 b4 44. axb4+ axb4 45. cxb4+ Kxb4 46. Rxd3 1-0

[Event "GER-ch U10"]
[Site "Willingen"]
[Date "2020.10.28"]
[Round "3"]
[White "Herrmann, Arthur"]
[Black "Bock, Leonas"]
[Result "1-0"]
[WhiteElo "1151"]
[BlackElo "1301"]
[PlyCount "91"]
[EventDate "2020.10.26"]
[EventType "swiss"]
[EventRounds "7"]
[EventCountry "GER"]
[SourceTitle "CBM 199 Extra"]
[Source "ChessBase"]
[SourceDate "2021.01.31"]
[SourceVersion "1"]
[SourceVersionDate "2021.01.31"]
[SourceQuality "1"]

1. e4 d6 2. d4 Nf6 3. Nc3 e5 4. Nf3 Nbd7 5. Bc4 Be7 6. 0-0 c6 7. Re1 Qc7 8. Bg5 h6 9. Bh4 0-0 10. Qd2 Re8 11. a3 b5 12. Ba2 Bf8 13. Rad1 Bb7 14. Bg3 Rad8 15. Qc1 Qb6 16. Kh1 Kh8 17. Bxf7 Re7 18. Ba2 a5 19. b4 a4 20. dxe5 dxe5 21. Nh4 Kh7 22. Nf5 Ng4 23. Nxe7 Bxe7 24. Re2 Bg5 25. Qb2 Bf4 26. Rf1 Bxg3 27. hxg3 Rf8 28. f3 h5 29. Be6 Bc8 30. Qc1 Ngf6 31. Qe3 Qd8 32. Rd1 Qe8 33. Bf5+ g6 34. Bh3 Rg8 35. Rd6 Bb7 36. Red2 Rg7 37. R2d3 g5 38. Bf5+ Kh8 39. Qd2 Bc8 40. Rxc6 Kg8 41. Nxb5 Bb7 42. Rcd6 Bc8 43. Nc7 Qe7 44. Nb5 Qe8 45. Na7 Bb7 46. Bxd7 1-0

[Event "GER-ch U10"]
[Site "Willingen"]
[Date "2019.06.09"]
[Round "1"]
[White "Burkart, Lloyd Shang"]
[Black "Herrmann, Arthur"]
[Result "1/2-1/2"]
[WhiteElo "1411"]
[BlackElo "1233"]
[PlyCount "80"]
[EventDate "2019.06.08"]
[EventType "swiss"]
[EventRounds "11"]
[EventCountry "GER"]
[SourceTitle "CBM 191 Extra"]
[Source "ChessBase"]
[SourceDate "2019.09.30"]
[SourceVersion "1"]
[SourceVersionDate "2019.09.30"]
[SourceQuality "1"]

1. d4 d5 2. c4 e6 3. Nf3 Nd7 4. g3 c5 5. cxd5 exd5 6. Bg2 Ngf6 7. 0-0 Be7 8. Nc3 Nb6 9. Bg5 cxd4 10. Nxd4 0-0 11. Rc1 h6 12. Bf4 a6 13. Qd2 Nc4 14. Qc2 Be6 15. Nxe6 fxe6 16. Qg6 Qe8 17. Qxe8 Raxe8 18. b3 Nb6 19. Bh3 Bb4 20. Bc7 Nbd7 21. Nb1 e5 22. a3 Bc5 23. b4 Ba7 24. Bd6 Rf7 25. Rc7 Nf8 26. Rfc1 Bxf2+ 27. Kxf2 Ne4+ 28. Kg1 Nxd6 29. Rxf7 Kxf7 30. Rc7+ Re7 31. Rxe7+ Kxe7 32. Nc3 d4 33. Nd5+ Kf7 34. Kf2 Ne6 35. a4 Ne4+ 36. Ke1 N6g5 37. Bg2 Ke6 38. Nc7+ Kd7 39. Nd5 Kd6 40. Nb6 Kc6 1/2-1/2